|
|
|
|
| LEADER |
00000nam a2200000 a 4500 |
| 001 |
vtls001069238 |
| 003 |
SK-MaSNL |
| 005 |
20260301153024.0 |
| 008 |
250414s1992 xo slo |
| 015 |
|
|
|a SNBA1992/10
|
| 020 |
|
|
|a 8005010362
|
| 035 |
|
|
|a SNK000012068
|
| 035 |
|
|
|a urn:nbn:sk:snk-amlkik
|
| 035 |
|
|
|a urn:nbn:sk:snk-am00blym
|
| 035 |
|
|
|a FC850AAC-EBD6-4782-BE34-F02E67C700A6
|
| 040 |
|
|
|a SNK
|b slo
|c SNK
|e AACR2
|
| 041 |
0 |
|
|a slo
|
| 044 |
|
|
|a xo
|c SK
|
| 080 |
|
|
|a 621.73.043(075.3)
|2 1981
|
| 100 |
1 |
|
|a Richtr, Václav
|4 aut
|9 514159
|
| 245 |
1 |
0 |
|a Technologické cvičenia. Návrh technológie zápustkového kovania pre študijný odbor SPŠ strojárska technológia
|c Václav Richtr ; Jana Henčlová
|
| 250 |
|
|
|a 1. vyd.
|
| 260 |
|
|
|a Bratislava
|b Alfa
|c 1992
|e Bratislava
|f Svornosť
|
| 300 |
|
|
|a 32 s., 2,78 AH
|b Tab. Sch.
|c 29 cm
|
| 490 |
1 |
|
|a Edícia strojárskej literatúry
|
| 500 |
|
|
|a Lit. 20. Schválilo MŠM a Tv SR. 20 zázn. v slov. a češ.
|
| 700 |
1 |
|
|a Henčlová, Jana
|4 trl
|9 276643
|
| 852 |
|
|
|a Slovenská národná knižnica
|
| 919 |
|
|
|a 80-05-01036-2
|
| 958 |
|
|
|a CZ
|
| 958 |
|
|
|a UC
|
| 958 |
|
|
|a TL
|
| 958 |
|
|
|a OP
|
| 958 |
|
|
|a NB
|
| 999 |
|
|
|c 791111
|d 793041
|
| 952 |
|
|
|t P60, <04>, [BOOK], {604}
|a SNK
|b SNK
|y VYP
|7 0
|p 17A0104270
|o snkSB 49972 D1
|0 0
|1 0
|4 0
|d 1997-10-18
|l 0
|r 2004-12-31 00:00:00
|w 2026-02-24
|
| 952 |
|
|
|a SNK
|b SNK
|y PREZ
|7 0
|p 17A0919562
|o snkSB 49972
|0 0
|1 0
|4 0
|d 2012-07-16
|f 1
|l 0
|r 2025-03-05 00:00:00
|w 2026-02-24
|